| 000 | 00779nam a22002177a 4500 | ||
|---|---|---|---|
| 005 | 20210325204631.0 | ||
| 008 | s2553 th j tha d | ||
| 020 | _a9789744753397 | ||
| 041 | _atha | ||
| 050 | _aSC ณ321ม 2553 | ||
| 100 | 0 | _aณัฐ ศักดาทร | |
| 245 | 1 | 0 | _aมองทุกอย่างจากทุกมุม |
| 260 | 3 |
_aกรุงเทพฯ : _bแพรวสำนักพิมพ์, _c2553 |
|
| 300 |
_a129 หน้า ; _b 19 ซม. |
||
| 650 | 0 | 4 | _aเรื่องสั้น |
| 850 | _aNALT | ||
| 942 | _cSHT | ||
| 997 | _aบ 23130 | ||
| 997 | _c000000000061401 | ||
| 998 | _aนางสาวชัชฎา จูฑะรักษ์ | ||
| 999 |
_c61401 _d61401 |
||